[Event "Fuerstenfeld U18 op 6th"]
[Site "Fuerstenfeld"]
[Date "2023.07.23"]
[Round "7"]
[White "Reichhuetter, Richard"]
[Black "Swoboda, Fabian"]
[Result "0-1"]
[WhiteElo "962"]
[BlackElo "879"]
[PlyCount "68"]
[EventDate "2023.07.20"]
[EventType "swiss"]
[EventRounds "7"]
[EventCountry "AUT"]
[SourceTitle "CBM 215 Extra"]
[Source "ChessBase"]
[SourceDate "2023.09.30"]
[SourceVersion "1"]
[SourceVersionDate "2023.09.30"]
[SourceQuality "1"]

1. e4 e5 2. Nc3 Nf6 3. f4 d6 4. Nf3 Nc6 5. Bb5 Bg4 6. h3 Bxf3 7. Qxf3 Qd7 8. fxe5 dxe5 9. 0-0 Bc5+ 10. Kh1 a6 11. Bxc6 Qxc6 12. d3 0-0-0 13. Qg3 Nd7 14. Be3 Bxe3 15. Qxe3 f6 16. Nd5 Qc5 17. Qg3 c6 18. Nc3 Rdg8 19. a3 g5 20. Rf2 h5 21. Raf1 Qe7 22. Ne2 Rg6 23. d4 exd4 24. Nf4 Rgg8 25. Nd3 Qxe4 26. Re1 Qh7 27. Qd6 h4 28. Nc5 Re8 29. Rxe8+ Rxe8 30. Qxd4 Nxc5 31. Qxc5 Re1+ 32. Kh2 Qc7+ 33. Rf4 Qxf4+ 34. g3 Qxg3# 0-1

[Event "Fuerstenfeld U18 op 6th"]
[Site "Fuerstenfeld"]
[Date "2023.07.21"]
[Round "2"]
[White "Swoboda, Fabian"]
[Black "Karaagac, Deniz"]
[Result "0-1"]
[WhiteElo "879"]
[BlackElo "1239"]
[PlyCount "88"]
[EventDate "2023.07.20"]
[EventType "swiss"]
[EventRounds "7"]
[EventCountry "AUT"]
[SourceTitle "CBM 215 Extra"]
[Source "ChessBase"]
[SourceDate "2023.09.30"]
[SourceVersion "1"]
[SourceVersionDate "2023.09.30"]
[SourceQuality "1"]

1. d4 d5 2. c4 e6 3. Nc3 Nf6 4. Bg5 Bb4 5. e3 h6 6. Bxf6 Qxf6 7. Nf3 Nc6 8. cxd5 exd5 9. a3 Bxc3+ 10. bxc3 a6 11. Qb3 Qd6 12. Be2 0-0 13. 0-0 Bg4 14. h3 Bh5 15. Rfe1 Rfd8 16. Nd2 Bxe2 17. Rxe2 b5 18. e4 Re8 19. Rae1 Rad8 20. exd5 Rxe2 21. Rxe2 Qxd5 22. Re8+ Kh7 23. Rxd8 Qxb3 24. Nxb3 Nxd8 25. Nc5 a5 26. Na6 c6 27. Nc7 Kg6 28. d5 cxd5 29. Nxd5 Ne6 30. Ne7+ Kf6 31. Nc6 a4 32. Kf1 Kf5 33. Ke2 Ke4 34. Na7 Nc7 35. Kd2 h5 36. Nc8 Kd5 37. Kc2 Ne8 38. Nb6+ Kc6 39. Nc8 g6 40. Na7+ Kc5 41. Kd3 Nd6 42. g4 hxg4 43. hxg4 Kb6 44. Nxb5 Nxb5 0-1